[Event "COL-chT rapid (Women)"]
[Site "Cartagena"]
[Date "2019.11.29"]
[Round "6.4"]
[White "Largo Chaparro, Sofia Alejandra"]
[Black "Villota Munoz, Gabriela Ana"]
[Result "1-0"]
[WhiteElo "1564"]
[BlackElo "1178"]
[PlyCount "41"]
[EventDate "2019.11.29"]
[EventType "team-swiss"]
[EventRounds "7"]
[EventCountry "COL"]
[SourceTitle "CBM 193 Extra"]
[Source "ChessBase"]
[SourceDate "2020.01.31"]
[SourceVersion "1"]
[SourceVersionDate "2020.01.31"]
[SourceQuality "1"]
[WhiteTeam "Boyaca (W)"]
[BlackTeam "Narino (W)"]
[WhiteTeamCountry "COL"]
[BlackTeamCountry "COL"]

1. d4 d5 2. Bf4 Nf6 3. e3 g6 4. Nf3 Bg7 5. h3 e6 6. c3 0-0 7. Nbd2 c6 8. Ne5 Nh5 9. Bh2 Nd7 10. Ndf3 Nxe5 11. Nxe5 Qb6 12. Rb1 Qa5 13. Ra1 Qc7 14. Nxg6 fxg6 15. Bxc7 Rf7 16. Bh2 b5 17. Be2 Nf6 18. a4 a6 19. axb5 cxb5 20. Bxb5 Rb7 21. Bc6 1-0

[Event "COL pre olympic sf2"]
[Site "Palmira"]
[Date "2019.06.01"]
[Round "6"]
[White "Cardona, Jacobo"]
[Black "Villota Munoz, Gabriela Ana"]
[Result "1-0"]
[WhiteElo "1494"]
[BlackElo "1560"]
[PlyCount "20"]
[EventDate "2019.05.29"]
[EventType "swiss"]
[EventRounds "10"]
[EventCountry "COL"]
[SourceTitle "CBM 190 Extra"]
[Source "ChessBase"]
[SourceDate "2019.07.15"]
[SourceVersion "1"]
[SourceVersionDate "2019.07.15"]
[SourceQuality "1"]

1. e4 c6 2. d4 d5 3. exd5 cxd5 4. c4 Nf6 5. Nf3 Bg4 6. Nc3 Nc6 7. cxd5 Nxd5 8. Nxd5 Qxd5 9. Be2 Bxf3 10. Bxf3 Qxd4 1-0

[Event "COL pre olympic sf2"]
[Site "Palmira"]
[Date "2019.05.30"]
[Round "3"]
[White "Villota Munoz, Gabriela Ana"]
[Black "Riscanevo, Camilo Andres"]
[Result "0-1"]
[WhiteElo "1560"]
[BlackElo "1625"]
[PlyCount "74"]
[EventDate "2019.05.29"]
[EventType "swiss"]
[EventRounds "10"]
[EventCountry "COL"]
[SourceTitle "CBM 190 Extra"]
[Source "ChessBase"]
[SourceDate "2019.07.15"]
[SourceVersion "1"]
[SourceVersionDate "2019.07.15"]
[SourceQuality "1"]

1. d4 g6 2. e4 Bg7 3. d5 c6 4. c4 d6 5. Nf3 Nd7 6. Nc3 Ngf6 7. Be2 0-0 8. 0-0 cxd5 9. cxd5 Nc5 10. Bd3 Bg4 11. b4 Nxd3 12. Qxd3 Nd7 13. a4 Rc8 14. b5 Rxc3 15. Qe2 Ne5 16. Be3 Nxf3+ 17. gxf3 Bh3 18. Rfc1 Rxe3 19. fxe3 Bxa1 20. Rxa1 e5 21. Qf2 Qg5+ 22. Qg3 Qxg3+ 23. hxg3 Bd7 24. f4 exf4 25. exf4 Re8 26. Re1 f6 27. Kf2 Bg4 28. Ke3 f5 29. Kd4 Rxe4+ 30. Rxe4 fxe4 31. Kxe4 Bd1 32. Kd4 Bxa4 33. Kc4 Bd1 34. Kd4 Kf7 35. Kd3 Bf3 36. Kd4 Be2 37. Ke4 Bxb5 0-1